|
|
|
|
| LEADER |
00819nta a2200181 i 4500 |
| 001 |
dipl798 |
| 005 |
20130314070124.0 |
| 008 |
110414s2005 hu om 0|| hun d |
| 040 |
|
|
|a SZTE Diploma Repozitórium
|b hun
|
| 041 |
|
|
|a hun
|
| 100 |
1 |
|
|a Kormányos Attila
|
| 245 |
1 |
2 |
|a A Szegeden tanuló határon túli magyarok Kollégiumának portálja
|h [elektronikus dokumentum] /
|c Attila Kormányos
|
| 260 |
|
|
|c 2005
|
| 650 |
|
4 |
|a Informatika
|
| 700 |
1 |
|
|a Bohus Mihály
|e ths
|
| 856 |
4 |
0 |
|u http://diploma.bibl.u-szeged.hu/id/eprint/798/1/2005_kormanyos_attila_05_81.pdf
|z Dokumentum-elérés
|
| 856 |
4 |
0 |
|u http://diploma.bibl.u-szeged.hu/id/eprint/798/2/2005_kormanyos_attila_05_81_biralat.pdf
|z Dokumentum-elérés
|
| 856 |
4 |
0 |
|u http://diploma.bibl.u-szeged.hu/id/eprint/798/3/2005_kormanyos_attila_05_81_melleklet.tgz
|z Dokumentum-elérés
|